[Event "4NCL/Div1/BAR2 vs. GUI2"]
[Site "Birmingham ENG"]
[Date "2005.11.19"]
[Round "3.1"]
[White "Cox, John J"]
[Black "Shaw, John K"]
[Result "1/2-1/2"]
[WhiteElo "2384"]
[BlackElo "2432"]
[PlyCount "118"]
[EventDate "2005.11.19"]
[SourceDate "2005.10.25"]

1. d4 d5 2. c4 c6 3. Nf3 Nf6 4. Nc3 dxc4 5. a4 Bf5 6. Ne5 Nbd7 7. Nxc4 Nb6 8.
Ne5 a5 9. f3 Nfd7 10. Nxd7 Nxd7 11. e4 Bg6 12. f4 e6 13. Bc4 Nf6 14. Qd3 h6 15.
f5 exf5 16. exf5 Bh7 17. O-O Be7 18. Bf4 O-O 19. Rad1 Qd7 20. Be5 Ng4 21. Qf3
Nxe5 22. dxe5 Qc7 23. e6 fxe6 24. Bxe6+ Kh8 25. Rd7 Qb6+ 26. Kh1 Bf6 27. Ne4
Be5 28. b3 Rad8 29. Rfd1 Rxd7 30. Rxd7 Qb4 31. g4 b5 32. axb5 cxb5 33. g5 Qe1+
34. Kg2 Qh4 35. h3 hxg5 36. Rd5 Bc7 37. Rxb5 Re8 38. Nf2 Qd4 39. Rd5 Qb2 40.
Qe3 Rb8 41. Qxg5 Bb6 42. Rd2 Qe5 43. Qg4 Rf8 44. Re2 Qc5 45. Qh4 Qc6+ 46. Kf1
Rd8 47. Qe4 Qc1+ 48. Kg2 Rf8 49. Rc2 Qg5+ 50. Qg4 Qe3 51. Re2 Qc5 52. Qh4 Qc6+
53. Kf1 Rd8 54. Qe4 Qc1+ 55. Kg2 Rf8 56. Rc2 Qg5+ 57. Qg4 Qe3 58. Re2 Qc5 59.
Qh4 Qc6+ 1/2-1/2

[Event "4NCL/Div1/BAR2 vs. GUI2"]
[Site "Birmingham ENG"]
[Date "2005.11.19"]
[Round "3.2"]
[White "Flear, Glenn C"]
[Black "Palliser, Richard"]
[Result "1/2-1/2"]
[WhiteElo "2474"]
[BlackElo "2389"]
[PlyCount "90"]
[EventDate "2005.11.19"]
[SourceDate "2005.10.25"]

1. d4 Nf6 2. c4 e6 3. Nc3 Bb4 4. Qc2 Nc6 5. Nf3 d6 6. Bd2 O-O 7. a3 Bxc3 8.
Bxc3 Qe7 9. e3 a5 10. b3 e5 11. d5 Nb8 12. h3 c6 13. dxc6 Nxc6 14. Be2 Be6 15.
O-O Nd7 16. Nd2 Rfc8 17. Rad1 Nb6 18. Qb2 f6 19. Ne4 Rd8 20. f4 d5 21. fxe5
dxe4 22. exf6 Qc5 23. fxg7 Qxe3+ 24. Kh1 Rxd1 25. Bxd1 Nd7 26. Re1 Qf4 27. Qe2
Nc5 28. Bc2 Qg3 29. Bb2 Bf5 30. Rf1 Bg6 31. Qd2 Nd3 32. Qh6 Bf7 33. Bxd3 exd3
34. Rxf7 Qe1+ 35. Kh2 Kxf7 36. Qxh7 Rg8 37. Qf5+ Ke8 38. Qg6+ Kd8 39. Bf6+ Kc8
40. Qxd3 Qe6 41. Qd5 Nd8 42. Qc5+ Kd7 43. Qb5+ Kc8 44. Qc5+ Kd7 45. Qb5+ Kc8
1/2-1/2

[Event "4NCL/Div1/BAR2 vs. GUI2"]
[Site "Birmingham ENG"]
[Date "2005.11.19"]
[Round "3.3"]
[White "Taylor, Peter"]
[Black "Wallace, John P"]
[Result "0-1"]
[WhiteElo "2241"]
[BlackElo "2392"]
[PlyCount "80"]
[EventDate "2005.11.19"]
[SourceDate "2005.10.25"]

1. Nf3 Nf6 2. c4 g6 3. Nc3 Bg7 4. e4 d6 5. d4 O-O 6. Be2 Na6 7. O-O e5 8. Be3
c6 9. d5 Ng4 10. Bg5 f6 11. Bh4 c5 12. Ne1 Nh6 13. Nc2 Nf7 14. a3 Bh6 15. Bg4
Bg5 16. Bxc8 Rxc8 17. Bxg5 Nxg5 18. h4 Nf7 19. Qg4 Nc7 20. Ne3 Ne8 21. g3 Ng7
22. f4 exf4 23. gxf4 f5 24. exf5 Nh6 25. Qg5 Nhxf5 26. Nxf5 Nxf5 27. Ne4 Nxh4
28. Nxd6 Qxd6 29. Qxh4 Rf6 30. Rae1 Rcf8 31. Re4 Kh8 32. Qg4 Rf5 33. Re5 Qxe5
34. fxe5 Rxf1+ 35. Kg2 R8f2+ 36. Kh3 Rh1+ 37. Kg3 Rg1+ 38. Kxf2 Rxg4 39. e6 Kg7
40. d6 Kf6 0-1

[Event "4NCL/Div1/BAR2 vs. GUI2"]
[Site "Birmingham ENG"]
[Date "2005.11.19"]
[Round "3.4"]
[White "Buckley, Graeme"]
[Black "Coleman, David"]
[Result "1-0"]
[WhiteElo "2391"]
[BlackElo "2245"]
[PlyCount "65"]
[EventDate "2005.11.19"]
[SourceDate "2005.10.25"]

1. d4 Nf6 2. c4 Nc6 3. Nf3 e6 4. Nc3 Bb4 5. e3 d6 6. Qc2 O-O 7. Bd3 e5 8. d5
Ne7 9. Nd2 c6 10. dxc6 bxc6 11. a3 Ba5 12. b4 Bc7 13. Bb2 Bd7 14. Rc1 Ng6 15.
O-O Ng4 16. Bf5 Nh6 17. Bxd7 Qxd7 18. Rfd1 f5 19. f3 Qe7 20. Nf1 Rae8 21. Qa4
Qg5 22. Qxc6 Bb8 23. c5 dxc5 24. bxc5 f4 25. Ne4 Qh5 26. exf4 Nxf4 27. Nfg3 Qh4
28. Rd7 Re6 29. Qb7 Rg6 30. c6 Nf5 31. Qb3+ Kh8 32. Rf7 Rxf7 33. Qxb8+ $138 {
(Time)} 1-0

[Event "4NCL/Div1/BAR2 vs. GUI2"]
[Site "Birmingham ENG"]
[Date "2005.11.19"]
[Round "3.5"]
[White "Berry, Neil"]
[Black "Povah, Nigel E"]
[Result "1-0"]
[WhiteElo "2289"]
[BlackElo "2353"]
[PlyCount "107"]
[EventDate "2005.11.19"]
[SourceDate "2005.10.25"]

1. d4 Nf6 2. c4 e6 3. Nc3 c5 4. d5 exd5 5. cxd5 d6 6. e4 g6 7. Nf3 Bg7 8. h3
O-O 9. Bd3 Nbd7 10. O-O Nh5 11. Bg5 Bf6 12. Be3 Ne5 13. Be2 Nxf3+ 14. Bxf3 Ng7
15. Qd2 Rb8 16. a4 Re8 17. Rab1 b6 18. b4 Bd7 19. Bf4 Qe7 20. b5 Bd4 21. Ne2
Bf6 22. Nc3 Bd4 23. Ne2 Be5 24. Rfc1 f5 25. Ng3 fxe4 26. Nxe4 Rf8 27. Bxe5 Qxe5
28. Re1 Qf4 29. Qxf4 Rxf4 30. Nxd6 Bxh3 31. Re7 Nf5 32. Nxf5 Bxf5 33. Rd1 Rd8
34. d6 Rd4 35. Rxd4 cxd4 36. Rxa7 Rxd6 37. Rc7 d3 38. Rc6 Rd4 39. Rxb6 Rxa4 40.
Rd6 Ra1+ 41. Kh2 Rb1 42. g4 Rxb5 43. gxf5 Rxf5 44. Rxd3 h5 45. Kg2 Kg7 46. Be4
Re5 {(=)} 47. Kf3 Rg5 48. Kf4 Kh8 49. Rg3 Rxg3 50. Kxg3 g5 51. Bc6 Kg7 52. Be8
h4+ 53. Kg4 Kf6 54. Bh5 1-0

[Event "4NCL/Div1/BAR2 vs. GUI2"]
[Site "Birmingham ENG"]
[Date "2005.11.19"]
[Round "3.6"]
[White "Lalic, Susan"]
[Black "Pritchett, Craig W"]
[Result "1/2-1/2"]
[WhiteElo "2356"]
[BlackElo "2291"]
[PlyCount "46"]
[EventDate "2005.11.19"]
[SourceDate "2005.10.25"]

1. e4 c5 2. Nc3 e6 3. g3 Nc6 4. Bg2 Nf6 5. Nge2 Be7 6. O-O O-O 7. d4 cxd4 8.
Nxd4 d6 9. Nb3 a6 10. a4 Bd7 11. a5 Ne5 12. f4 Ng6 13. Be3 Qc7 14. Rf2 Rac8 15.
Rd2 Rfe8 16. Qe2 h6 17. Bb6 Qb8 18. Re1 e5 19. f5 Nf8 20. Bf3 Bc6 21. Qf2 N8d7
22. Ba7 Qc7 23. Be3 Rb8 1/2-1/2

[Event "4NCL/Div1/BAR2 vs. GUI2"]
[Site "Birmingham ENG"]
[Date "2005.11.19"]
[Round "3.7"]
[White "Hodgson, John H"]
[Black "Muir, Andrew J"]
[Result "0-1"]
[WhiteElo "2217"]
[BlackElo "2325"]
[PlyCount "64"]
[EventDate "2005.11.19"]
[SourceDate "2005.10.25"]

1. e4 c5 2. Nf3 d6 3. d4 cxd4 4. Nxd4 Nf6 5. Nc3 Nc6 6. Bg5 e6 7. Qd2 Be7 8.
O-O-O O-O 9. Nb3 Qb6 10. f3 a6 11. h4 Rd8 12. h5 Qc7 13. h6 g6 14. Qf4 Ne8 15.
Bxe7 Nxe7 16. e5 d5 17. Qe3 Nf5 18. Qg5 Bd7 19. g4 Ng3 20. Rg1 Nxf1 21. Rgxf1
b5 22. Ne2 b4 23. Ng3 f6 24. Qh4 Rac8 25. Rd2 Qxe5 26. f4 Qe3 27. g5 Bb5 28.
Rfd1 Rc4 29. Ne2 Nd6 30. gxf6 Rdc8 31. Kb1 Ne4 32. f7+ Kxf7 0-1

[Event "4NCL/Div1/GUI2 vs. WGR1"]
[Site "Birmingham ENG"]
[Date "2006.01.14"]
[Round "5.1"]
[White "Plaskett, James"]
[Black "Shirov, Alexei"]
[Result "0-1"]
[WhiteElo "2485"]
[BlackElo "2709"]
[PlyCount "44"]
[EventDate "2006.01.14"]
[SourceDate "2005.10.25"]

1. e4 e5 2. Nf3 Nc6 3. Bb5 a6 4. Ba4 Nf6 5. O-O b5 6. Bb3 Bc5 7. Nxe5 Nxe5 8.
d4 Bxd4 9. Qxd4 d6 10. c3 c5 11. Qd1 O-O 12. Re1 Re8 13. Bc2 d5 14. Be3 Neg4
15. Bf4 Nh5 16. Qf3 dxe4 17. Bxe4 Ngf6 18. Bg5 h6 19. Bxf6 Nxf6 20. Nd2 Qxd2
21. Re2 Qxe2 22. Qxe2 Rxe4 0-1

[Event "4NCL/Div1/GUI2 vs. WGR1"]
[Site "Birmingham ENG"]
[Date "2006.01.14"]
[Round "5.3"]
[White "Wallace, John P"]
[Black "Gormally, Daniel W"]
[Result "1-0"]
[WhiteElo "2392"]
[BlackElo "2573"]
[PlyCount "85"]
[EventDate "2006.01.14"]
[SourceDate "2005.10.25"]

1. d4 d5 2. c4 c6 3. Nc3 Nf6 4. e3 a6 5. Qc2 b5 6. b3 g6 7. Bd3 Bg7 8. Nf3 O-O
9. O-O Nbd7 10. Rd1 Bb7 11. Rb1 Rc8 12. e4 dxe4 13. Bxe4 Qc7 14. Ne2 e5 15. c5
Nxe4 16. Qxe4 exd4 17. Qc2 Rfe8 18. Nexd4 Ne5 19. Bg5 Ra8 20. Nxe5 Bxe5 21. Nf3
Bg7 22. Qd2 Bc8 23. Bf4 Qa7 24. Bd6 Bf5 25. Rbc1 Be4 26. Qf4 Bd5 27. Ne5 Re6
28. h4 Rae8 29. Re1 a5 30. Re3 f6 31. Ng4 h5 32. Rxe6 Rxe6 33. Ne3 Re4 34. Qf3
Qf7 35. Rd1 Qe6 36. Nxd5 cxd5 37. c6 f5 38. c7 b4 39. Qd3 Rd4 40. Qxd4 Bxd4 41.
Rxd4 Kf7 42. Bg3 Qc6 43. Bf4 1-0

[Event "4NCL/Div1/GUI2 vs. WGR1"]
[Site "Birmingham ENG"]
[Date "2006.01.14"]
[Round "5.5"]
[White "Lalic, Susan"]
[Black "Emms, John M"]
[Result "1/2-1/2"]
[WhiteElo "2356"]
[BlackElo "2502"]
[PlyCount "98"]
[EventDate "2006.01.14"]
[SourceDate "2005.10.25"]

1. e4 c5 2. Nc3 Nc6 3. g3 g6 4. Bg2 Bg7 5. d3 d6 6. Be3 Nf6 7. h3 O-O 8. f4 Rb8
9. Nf3 b5 10. O-O b4 11. Ne2 a5 12. g4 Ba6 13. f5 Nd7 14. Rb1 Nde5 15. Nxe5
Nxe5 16. b3 a4 17. Qd2 axb3 18. axb3 Re8 19. Rf2 Bb7 20. Rbf1 Ra8 21. Bh6 Bh8
22. Nf4 Qd7 23. Nd5 Bxd5 24. exd5 Bg7 25. Be4 Ra2 26. fxg6 hxg6 27. Bf4 Rf8 28.
Bh6 Qa7 29. Qg5 Ra1 30. Rxa1 Qxa1+ 31. Kg2 Bxh6 32. Qxh6 Qd1 33. Qd2 Qxd2 34.
Rxd2 Ra8 35. d4 Nd7 36. dxc5 Nxc5 37. Rd4 Ra2 38. Rxb4 Nxe4 39. Rxe4 Rxc2+ 40.
Kf3 Kf8 41. Re3 Ke8 42. Rd3 Kd7 43. Kf4 f6 44. h4 Rh2 45. Kg3 Rh1 46. Rd2 Rb1
47. Rd3 Rg1+ 48. Kf4 Rh1 49. Kg3 Rg1+ 1/2-1/2

[Event "4NCL/Div1/GUI2 vs. WGR1"]
[Site "Birmingham ENG"]
[Date "2006.01.14"]
[Round "5.6"]
[White "Baburin, Alexander"]
[Black "Povah, Nigel E"]
[Result "1-0"]
[WhiteElo "2511"]
[BlackElo "2353"]
[PlyCount "67"]
[EventDate "2006.01.14"]
[SourceDate "2005.10.25"]

1. d4 Nf6 2. c4 e6 3. Nc3 c5 4. d5 exd5 5. cxd5 d6 6. Nf3 g6 7. e4 Bg7 8. Be2
O-O 9. O-O Na6 10. Bf4 Ne8 11. Re1 f5 12. e5 dxe5 13. Bxe5 Nac7 14. Bxg7 Kxg7
15. a3 Qf6 16. Rc1 Nd6 17. Na4 b6 18. b4 c4 19. Bxc4 Bd7 20. Bf1 Ncb5 21. Ne5
Be8 22. Bxb5 Nxb5 23. Nc3 Nd6 24. Nc6 Bd7 25. Qd3 Rfe8 26. h3 f4 27. Nd4 Rxe1+
28. Rxe1 Re8 29. Rxe8 Bxe8 30. Ne4 Nxe4 31. Ne6+ Kf7 32. Qxe4 Bd7 33. Nxf4 Qa1+
34. Kh2 1-0

[Event "4NCL/Div1/GUI2 vs. WGR1"]
[Site "Birmingham ENG"]
[Date "2006.01.14"]
[Round "5.7"]
[White "Muir, Andrew J"]
[Black "Ward, Christopher"]
[Result "1/2-1/2"]
[WhiteElo "2325"]
[BlackElo "2475"]
[PlyCount "96"]
[EventDate "2006.01.14"]
[SourceDate "2005.10.25"]

1. d4 Nf6 2. c4 e6 3. Nc3 Bb4 4. e3 b6 5. Bd3 Bb7 6. Nf3 Ne4 7. O-O f5 8. Ne2
Bd6 9. b3 O-O 10. Ne5 Bxe5 11. dxe5 Nc6 12. Bb2 Rf7 13. a3 a5 14. Nf4 Qh4 15.
f3 Nc5 16. Bc2 g5 17. Ne2 Rg7 18. Qe1 Qxe1 19. Rfxe1 g4 20. Kf2 Rg6 21. Bc3
gxf3 22. gxf3 a4 23. b4 Nb3 24. Rad1 Rd8 25. h4 Rh6 26. Rh1 Kf7 27. h5 d6 28.
exd6 cxd6 29. Rdg1 Ne5 30. Rh3 Rg8 31. Rxg8 Kxg8 32. Rg3+ Kf7 33. Rg5 Ba6 34.
b5 Bb7 35. Kg3 Nc5 36. f4 Nxc4 37. Rg7+ Kf8 38. Kh4 Nxe3 39. Rg5 Nxc2 40. Bg7+
Ke8 41. Bxh6 Nxa3 42. Rg8+ Kf7 43. Rg7+ Ke8 44. Nd4 e5 45. Rg8+ Kd7 46. Rg7+
Ke8 47. Rg8+ Kd7 48. Rg7+ Ke8 1/2-1/2

[Event "4NCL/Div1/GUI2 vs. WGR1"]
[Site "Birmingham ENG"]
[Date "2006.01.14"]
[Round "5.8"]
[White "Arakhamia-Grant, Ketevan"]
[Black "Jackson, Adrian"]
[Result "1-0"]
[WhiteElo "2426"]
[BlackElo "2226"]
[PlyCount "107"]
[EventDate "2006.01.14"]
[SourceDate "2005.10.25"]

1. e4 c5 2. Nf3 d6 3. d4 cxd4 4. Nxd4 Nf6 5. f3 e5 6. Nb3 d5 7. exd5 Nxd5 8.
Bb5+ Nc6 9. Qe2 Bd6 10. O-O O-O 11. Rd1 Nc7 12. Bxc6 bxc6 13. Nc3 Qe7 14. Ne4
Ba6 15. Qf2 Rfd8 16. Be3 Nd5 17. Nxd6 Nxe3 18. Qxe3 Rxd6 19. Nc5 Bc8 20. f4 f6
21. fxe5 fxe5 22. Rxd6 Qxd6 23. Re1 Bf5 24. Qxe5 Qxe5 25. Rxe5 Bxc2 26. Re6 Rb8
27. b3 Bb1 28. a3 a5 29. Rxc6 Ba2 30. Ra6 Bxb3 31. Rxa5 Bd5 32. Nd3 Be4 33. Nb4
Rd8 34. Re5 Ba8 35. g3 Kf7 36. Ra5 Be4 37. Kf2 Ra8 38. Rxa8 Bxa8 39. Ke3 Ke6
40. Kf4 h6 41. a4 g5+ 42. Kg4 Kf6 43. h4 gxh4 44. gxh4 Kg6 45. Nd3 h5+ 46. Kf4
Kf6 47. a5 Ke6 48. Kg5 Bf3 49. a6 Kd6 50. a7 Kc7 51. Ne5 Be4 52. Kxh5 Kb7 53.
Kg5 Kxa7 54. h5 1-0

[Event "4NCL/Div1/3CS1 vs. NWE1"]
[Site "Birmingham ENG"]
[Date "2006.01.14"]
[Round "5.1"]
[White "Davies, Nigel R"]
[Black "Morrison, Graham"]
[Result "1-0"]
[WhiteElo "2521"]
[BlackElo "2326"]
[PlyCount "65"]
[EventDate "2006.01.14"]
[SourceDate "2005.10.25"]

1. e4 c5 2. Nf3 e6 3. d3 d5 4. Qe2 Nf6 5. g3 Nc6 6. Bg2 Be7 7. O-O O-O 8. e5
Ne8 9. c4 Nc7 10. Nc3 Rb8 11. a4 a6 12. a5 b5 13. axb6 Rxb6 14. Na4 Rb4 15. Bd2
Rb3 16. Be3 dxc4 17. dxc4 Nd4 18. Bxd4 cxd4 19. Qc2 Rb4 20. Rfd1 Bb7 21. Nxd4
Bxg2 22. Kxg2 Qa8+ 23. Kg1 Rfb8 24. b3 f6 25. exf6 Bxf6 26. Rab1 e5 27. Ne2 Qf3
28. Nc5 Qc6 29. Ne4 Nb5 30. Nxf6+ gxf6 31. Qf5 Na3 32. Rbc1 R4b7 33. Nc3 1-0

[Event "4NCL/Div1/3CS1 vs. NWE1"]
[Site "Birmingham ENG"]
[Date "2006.01.14"]
[Round "5.3"]
[White "Ashton, Adam G"]
[Black "Carleton, John J"]
[Result "1/2-1/2"]
[WhiteElo "2321"]
[BlackElo "2284"]
[PlyCount "46"]
[EventDate "2006.01.14"]
[SourceDate "2005.10.25"]

1. e4 Nf6 2. e5 Nd5 3. Nc3 Nxc3 4. dxc3 d6 5. Nf3 g6 6. Bf4 Bg7 7. Qd2 Nc6 8.
exd6 cxd6 9. Bh6 Bxh6 10. Qxh6 Be6 11. Qg7 Kd7 12. Bb5 Qb6 13. Nd4 Rag8 14. Qh6
Kc7 15. Bxc6 bxc6 16. Nxe6+ fxe6 17. O-O e5 18. b3 g5 19. Qe6 Rg7 20. Rae1 Rf8
21. c4 Rf6 22. Qg4 Rf4 23. Qg3 Rgf7 1/2-1/2

[Event "4NCL/Div1/3CS1 vs. NWE1"]
[Site "Birmingham ENG"]
[Date "2006.01.14"]
[Round "5.4"]
[White "Hague, Ben"]
[Black "James, Dale R"]
[Result "1-0"]
[WhiteElo "2300"]
[BlackElo "2199"]
[PlyCount "93"]
[EventDate "2006.01.14"]
[SourceDate "2005.10.25"]

1. e4 Nf6 2. e5 Nd5 3. d4 c5 4. c3 cxd4 5. Nf3 Nc6 6. cxd4 e6 7. Bc4 Nb6 8. Bb3
d6 9. O-O dxe5 10. dxe5 Qc7 11. Qe2 Bd7 12. Nc3 Na5 13. Bc2 h6 14. Nb5 Qc5 15.
a4 Nd5 16. Be4 a6 17. Nbd4 Be7 18. Rd1 O-O 19. Bxd5 exd5 20. e6 fxe6 21. Nxe6
Qd6 22. Nxf8 Bxf8 23. Qd3 Be6 24. Bd2 Nc4 25. Bc3 Bf7 26. a5 Qf4 27. Qd4 Qf5
28. Ne5 Nxe5 29. Qxe5 Qd7 30. Re1 Rc8 31. Rad1 Rc6 32. Re3 Rg6 33. Rg3 Bd6 34.
Rxd5 Bxd5 35. Qxd5+ Kh8 36. Rxg6 Bxh2+ 37. Kxh2 Qxd5 38. Rxg7 Qh5+ 39. Kg3 Qh1
40. Rg6+ Kh7 41. Rg7+ Kh8 42. f4 h5 43. f5 h4+ 44. Kf4 Qf1+ 45. Kg4 Qd1+ 46.
Kg5 Qc1+ 47. Kg6 1-0

[Event "4NCL/Div1/3CS1 vs. NWE1"]
[Site "Birmingham ENG"]
[Date "2006.01.14"]
[Round "5.5"]
[White "Walton, Alan J"]
[Black "Kennaugh, Charles W"]
[Result "1/2-1/2"]
[WhiteElo "2197"]
[BlackElo "2274"]
[PlyCount "53"]
[EventDate "2006.01.14"]
[SourceDate "2005.10.25"]

1. d4 d5 2. Bg5 c6 3. c3 h6 4. Bh4 Bf5 5. e3 Nd7 6. Nf3 Ngf6 7. Qb3 Qb6 8. Nbd2
e6 9. Be2 Bd6 10. Qxb6 axb6 11. O-O b5 12. Bg3 Bxg3 13. hxg3 Ke7 14. Nh2 Nb6
15. a3 Na4 16. Ra2 Ne4 17. Nxe4 Bxe4 18. Rc1 Ra7 19. f3 Bg6 20. Ng4 f6 21. Nf2
Nb6 22. Nd3 Nc4 23. Kf2 Rha8 24. Nf4 Bf7 25. Bd3 Kd6 26. g4 e5 27. Ne2 1/2-1/2

[Event "4NCL/Div1/3CS1 vs. NWE1"]
[Site "Birmingham ENG"]
[Date "2006.01.14"]
[Round "5.6"]
[White "Lyell, Mark"]
[Black "Longson, Alexander"]
[Result "1/2-1/2"]
[WhiteElo "2235"]
[BlackElo "2264"]
[PlyCount "48"]
[EventDate "2006.01.14"]
[SourceDate "2005.10.25"]

1. e4 e5 2. f4 d5 3. exd5 exf4 4. Nf3 Nf6 5. Bc4 Nxd5 6. Bxd5 Qxd5 7. O-O Bb4
8. d4 O-O 9. Bxf4 c5 10. c3 Ba5 11. Qb3 c4 12. Qc2 Bf5 13. Qf2 Nc6 14. Nbd2 f6
15. Rfe1 b5 16. Nf1 Bd3 17. Ne3 Qd7 18. a3 Bb6 19. Qg3 Ne7 20. Bd6 Rfe8 21.
Bxe7 Bc7 22. Qg4 Rxe7 23. Qxd7 Rxd7 24. Ng4 Kf7 1/2-1/2

[Event "4NCL/Div1/3CS1 vs. NWE1"]
[Site "Birmingham ENG"]
[Date "2006.01.14"]
[Round "5.7"]
[White "Hamelink, Desiree"]
[Black "Spence, David"]
[Result "1/2-1/2"]
[WhiteElo "2181"]
[BlackElo "2221"]
[PlyCount "34"]
[EventDate "2006.01.14"]
[SourceDate "2005.10.25"]

1. e4 e6 2. d4 d5 3. Nd2 Nf6 4. e5 Nfd7 5. Bd3 c5 6. c3 Nc6 7. Ngf3 Be7 8. O-O
g5 9. dxc5 g4 10. Nd4 Ndxe5 11. Bb5 h5 12. b4 Bd7 13. N2b3 Ng6 14. Nxc6 bxc6
15. Bd3 Ne5 16. Bf4 Nxd3 17. Qxd3 Bg5 1/2-1/2

[Event "4NCL/Div1/3CS1 vs. NWE1"]
[Site "Birmingham ENG"]
[Date "2006.01.14"]
[Round "5.8"]
[White "Morrison, Lynne"]
[Black "Jaunooby, Ali Reza"]
[Result "0-1"]
[WhiteElo "2003"]
[BlackElo "2160"]
[PlyCount "64"]
[EventDate "2006.01.14"]
[SourceDate "2005.10.25"]

1. d4 c5 2. Nf3 cxd4 3. Qxd4 Nc6 4. Qa4 d5 5. c3 Nf6 6. Bg5 Ne4 7. Bh4 Bd7 8.
Nbd2 f5 9. Qb3 Qa5 10. e3 e5 11. Be2 h6 12. Bg3 O-O-O 13. Bxe5 Nxd2 14. Kxd2
Nxe5 15. Nxe5 Ba4 16. Nf7 Be7 17. Nxh8 Rxh8 18. Bf3 Rd8 19. Rhd1 Bxb3 20. axb3
Qb6 21. b4 a6 22. Ke1 Qe6 23. Kf1 g5 24. g3 f4 25. exf4 gxf4 26. Re1 Qf7 27.
Bg4+ Kc7 28. gxf4 Bh4 29. f5 d4 30. Re4 Qc4+ 31. Be2 Qd5 32. Bf3 Qxf5 0-1

[Event "4NCL/Div1/SLOS1 vs. BAR1"]
[Site "Birmingham ENG"]
[Date "2006.01.14"]
[Round "5.1"]
[White "Le Roux, Jean Pierre"]
[Black "Kelly, Brian"]
[Result "1-0"]
[WhiteElo "2497"]
[BlackElo "2492"]
[PlyCount "61"]
[EventDate "2006.01.14"]
[SourceDate "2005.10.25"]

1. c4 c5 2. Nc3 Nf6 3. g3 e6 4. Nf3 b6 5. Bg2 Bb7 6. O-O Be7 7. Re1 a6 8. e4 d6
9. d4 cxd4 10. Nxd4 Qc7 11. Bg5 O-O 12. Rc1 Nbd7 13. Nd5 exd5 14. cxd5 Nc5 15.
Bxf6 Bxf6 16. b4 Rac8 17. bxc5 bxc5 18. Nf5 Rb8 19. Ne3 Bc8 20. Nc4 Bd4 21. Qd2
f5 22. e5 dxe5 23. d6 Qd8 24. Rxe5 Qf6 25. Bd5+ Kh8 26. Re7 h6 27. Qf4 g5 28.
Qf3 f4 29. g4 h5 30. Qe4 Qh6 31. Ne5 1-0

[Event "4NCL/Div1/SLOS1 vs. BAR1"]
[Site "Birmingham ENG"]
[Date "2006.01.14"]
[Round "5.2"]
[White "Parker, Jonathan"]
[Black "Pert, Nicholas"]
[Result "1/2-1/2"]
[WhiteElo "2504"]
[BlackElo "2500"]
[PlyCount "67"]
[EventDate "2006.01.14"]
[SourceDate "2005.10.25"]

1. d4 d5 2. c4 c6 3. Nc3 Nf6 4. e3 a6 5. Nf3 b5 6. b3 Bg4 7. Be2 Nbd7 8. O-O e6
9. Bb2 Bd6 10. h3 Bf5 11. Bd3 Bg6 12. Bxg6 hxg6 13. Qc2 O-O 14. e4 b4 15. e5
bxc3 16. Bxc3 Be7 17. exf6 gxf6 18. Rfe1 Kg7 19. c5 Qc7 20. b4 Rh8 21. a4 g5
22. Qd3 Nf8 23. b5 axb5 24. axb5 Rxa1 25. Rxa1 cxb5 26. Qxb5 g4 27. hxg4 Qf4
28. Ra8 Qxg4 29. Kf1 Qg6 30. Ke2 Qxg2 31. Ra1 Rh3 32. Qd3 Ng6 33. Bd2 Qg4 34.
Rg1 1/2-1/2

[Event "4NCL/Div1/SLOS1 vs. BAR1"]
[Site "Birmingham ENG"]
[Date "2006.01.14"]
[Round "5.3"]
[White "Czakon, Jakub"]
[Black "Collins, Sam"]
[Result "1-0"]
[WhiteElo "2486"]
[BlackElo "2409"]
[PlyCount "69"]
[EventDate "2006.01.14"]
[SourceDate "2005.10.25"]

1. d4 d5 2. c4 c6 3. Nc3 Nf6 4. e3 e6 5. Nf3 a6 6. b3 Nbd7 7. Bd3 Bd6 8. O-O
O-O 9. Bb2 Qe7 10. e4 dxc4 11. Bxc4 e5 12. Re1 b5 13. Bf1 Rd8 14. Qe2 a5 15.
Rad1 Ba6 16. Qc2 g6 17. g3 exd4 18. Nxd4 Ne5 19. Bg2 Rac8 20. h3 Bb8 21. f4
Rxd4 22. Rxd4 Ba7 23. Ne2 Ned7 24. Kh2 Bxd4 25. Nxd4 c5 26. Nf3 c4 27. e5 Nh5
28. bxc4 Rxc4 29. Qd2 Nc5 30. Rd1 Qf8 31. Qxa5 Ra4 32. Qb6 Nb7 33. e6 Rxa2 34.
exf7+ Qxf7 35. Ng5 1-0

[Event "4NCL/Div1/SLOS1 vs. BAR1"]
[Site "Birmingham ENG"]
[Date "2006.01.14"]
[Round "5.4"]
[White "Knott, Simon"]
[Black "McNab, Colin A"]
[Result "0-1"]
[WhiteElo "2378"]
[BlackElo "2456"]
[PlyCount "92"]
[EventDate "2006.01.14"]
[SourceDate "2005.10.25"]

1. Nf3 g6 2. c4 d6 3. d4 Nd7 4. e4 e5 5. Nc3 Bg7 6. Be2 Ngf6 7. O-O O-O 8. Qc2
c6 9. Rd1 Qc7 10. d5 cxd5 11. cxd5 a6 12. Bg5 h6 13. Be3 b5 14. a3 Ng4 15. Bd2
Nc5 16. h3 Nf6 17. Rac1 Bd7 18. Be3 Rfc8 19. Nd2 Qd8 20. Qb1 Nh7 21. b4 Nb7 22.
Bd3 Qf8 23. Ne2 f5 24. f3 f4 25. Bf2 Bf6 26. Rxc8 Rxc8 27. Rc1 Ng5 28. Kh2 Nf7
29. Rxc8 Qxc8 30. Qc1 Qd8 31. a4 h5 32. axb5 axb5 33. Nc3 Bh4 34. Qe1 Bxf2 35.
Qxf2 g5 36. Bxb5 g4 37. fxg4 hxg4 38. hxg4 Bxb5 39. Nxb5 Nh6 40. Kg1 Nxg4 41.
Qa7 Qc8 42. Nc4 Qxc4 43. Qb8+ Kg7 44. Qxb7+ Kh6 45. Qc6 Qe2 46. Qxd6+ Kh5 0-1

[Event "4NCL/Div1/SLOS1 vs. BAR1"]
[Site "Birmingham ENG"]
[Date "2006.01.14"]
[Round "5.6"]
[White "Ferguson, Mark"]
[Black "Gourlay, Iain"]
[Result "1-0"]
[WhiteElo "2388"]
[BlackElo "2363"]
[PlyCount "73"]
[EventDate "2006.01.14"]
[SourceDate "2005.10.25"]

1. e4 c5 2. Nf3 e6 3. d3 d5 4. Qe2 Nf6 5. g3 Nc6 6. Bg2 Be7 7. O-O b6 8. Re1
Bb7 9. Na3 a6 10. e5 Nd7 11. c4 dxc4 12. dxc4 Qc7 13. Nc2 O-O 14. h4 Rfd8 15.
h5 Nd4 16. Ncxd4 cxd4 17. Bf4 Rac8 18. Rac1 d3 19. Qd2 a5 20. Re3 Bb4 21. Qd1
b5 22. Bg5 f6 23. exf6 gxf6 24. Bh6 d2 25. Nxd2 Ne5 26. Rxe5 fxe5 27. Qg4+ Kh8
28. Bxb7 Bxd2 29. Bxd2 Qxb7 30. Bc3 Qg7 31. Qe2 Rc5 32. cxb5 a4 33. a3 Rb8 34.
Rd1 h6 35. b6 Rxb6 36. Rd8+ Kh7 37. Qe4+ 1-0

[Event "4NCL/Div1/SLOS1 vs. BAR1"]
[Site "Birmingham ENG"]
[Date "2006.01.14"]
[Round "5.7"]
[White "Martyn, Rafe"]
[Black "Palliser, Richard"]
[Result "0-1"]
[WhiteElo "2323"]
[BlackElo "2401"]
[PlyCount "104"]
[EventDate "2006.01.14"]
[SourceDate "2005.10.25"]

1. d4 Nf6 2. c4 e6 3. g3 c5 4. d5 exd5 5. cxd5 d6 6. Nc3 g6 7. Bg2 Bg7 8. Nf3
O-O 9. O-O Re8 10. Nd2 a6 11. a4 Nbd7 12. Nc4 Nb6 13. Na3 Bd7 14. Re1 Nxa4 15.
Nxa4 b5 16. Nxc5 dxc5 17. e4 b4 18. Nc4 Bb5 19. Qc2 Nxd5 20. Rd1 Bxc4 21. Qxc4
Nb6 22. Qe2 Qc7 23. Bf4 Be5 24. Bxe5 Qxe5 25. f4 Qc7 26. e5 Rad8 27. Qxa6 {(=)}
Rxd1+ 28. Rxd1 Rd8 29. Qe2 Rxd1+ 30. Qxd1 c4 31. Be4 b3 32. Qd4 Na4 33. Bd5 Qb6
34. Qxb6 Nxb6 35. Bc6 c3 36. bxc3 b2 37. Be4 Nd5 38. c4 Nc3 39. Bd3 b1=Q+ 40.
Bxb1 Nxb1 41. g4 Kf8 42. Kg2 Ke7 43. f5 Nd2 44. Kg3 g5 45. h4 h6 46. hxg5 hxg5
47. c5 Nc4 48. e6 fxe6 49. fxe6 Kxe6 50. Kf3 Ne5+ 51. Ke4 Nxg4 52. c6 Nf6+ 0-1

[Event "4NCL/Div1/SLOS1 vs. BAR1"]
[Site "Birmingham ENG"]
[Date "2006.01.14"]
[Round "5.8"]
[White "Lauterbach, Ingrid"]
[Black "Ignacz, Maria"]
[Result "1-0"]
[WhiteElo "2131"]
[BlackElo "2238"]
[PlyCount "109"]
[EventDate "2006.01.14"]
[SourceDate "2005.10.25"]

1. Nf3 Nf6 2. g3 b6 3. Bg2 Bb7 4. d3 e6 5. e4 d6 6. O-O Nbd7 7. a4 a6 8. Bd2 c5
9. c3 Be7 10. Na3 O-O 11. Re1 Qc7 12. b4 Rfd8 13. b5 c4 14. bxa6 Bxa6 15. d4
Bb7 16. Nb5 Qc8 17. Qb1 Bc6 18. Bf4 Nf8 19. Nd2 e5 20. Be3 exd4 21. Nxd4 Rxa4
22. Rxa4 Bxa4 23. Nf5 Re8 24. Qxb6 N8d7 25. Nxe7+ Rxe7 26. Qxd6 Re6 27. Qb4 Bc6
28. f3 Ne5 29. Ra1 Re8 30. Nxc4 Nd3 31. Qa3 Qe6 32. Na5 Bd7 33. c4 Ne5 34. Qc3
Rc8 35. c5 h5 36. Bd4 Ng6 37. Bxf6 gxf6 38. Rc1 h4 39. c6 Be8 40. f4 f5 41. e5
hxg3 42. hxg3 Ne7 43. Qc5 Rc7 44. Qd6 Qc8 45. Rc5 Ng6 46. Nb7 Ne7 47. Na5 Ng6
48. Rb5 Nf8 49. Rb7 Ne6 50. Rxc7 Nxc7 51. Nc4 Qb8 52. Qe7 Ne6 53. Qb7 Qd8 54.
Nd6 Nc7 55. Qb1 1-0